Elenca la formazione - Quiz n°288 - Statistics

Statistiche generali
  • Questo quiz è stato fatto 75 volte
  • Il punteggio medio è 6 su 11
Statistiche sulle risposte
Ruolo Club dell'epoca Calciatore % Corretto
Portiere Juventus Gianluigi Buffon
100%
Difensore Milan Paolo Maldini
95%
Attaccante Juventus Alessandro Del Piero
91%
Attaccante Inter Christian Vieri
91%
Centrocampista Juventus Gianluca Zambrotta
89%
Difensore Roma Christian Panucci
47%
Centrocampista Roma Damiano Tommasi
30%
Difensore Barcellona Francesco Coco
21%
Difensore Juventus Mark Iuliano
20%
Centrocampista Inter Cristiano Zanetti
18%
Trequartista Roma Francesco Torri
2%
Nessun quiz corrispondente trovato
Distribuzione punteggi
Percentuale di utenti per punteggio
Percentile per numero di risposta
I tuoi punteggi nel tempo
Non hai fatto questo quiz